| 000 | 00579cam a2200229ua 4500 | ||
|---|---|---|---|
| 020 | _c25.00 | ||
| 041 |
_aeng _h |
||
| 082 |
_a339.32 _bRAO/PA |
||
| 100 | _aRao, V K R V . | ||
| 245 |
_aPapers on national income and allied topics vol.lI / _cV K R V Rao. _hTextual Documents |
||
| 250 |
_a / _b. |
||
| 260 |
_aMumbai : _bAsia Publishing House , _c1962. |
||
| 300 | _a115 ; . | ||
| 365 | _a25.00 | ||
| 504 | _a | ||
| 700 | 1 | _aDivatia, M V . | |
| 700 | 1 | _aSen, S R . | |
| 700 | 1 | _aUma Datta, . | |
| 942 | _cBK | ||
| 999 |
_c2085 _d2085 |
||